000 00802nam a2200241Ia 4500
003 OSt
005 20230809103954.0
008 210716s2005 xx 000 0 und d
020 _a8178814102
040 _cAIMIT LIBRARY
041 _aeng
082 _a352.379
_21
_bANAC
245 _aSecuritization concepts and country experiences /
_cEdited By Chakravarthi Anand.
250 _a1st ed.
260 _aHyderabad :
_bICFAI University Press ,
_c2005.
300 _aix,146,A15p. ;
_bPB
_c22.6 cm.
650 _aNone
_9129780
651 _aSecurtitization of assets
_9129781
651 _aSecuritization: a strategic tools
_9129782
651 _aHarnessing IT to smooth the way for securitization
_9129783
700 _aAnand, Chakravarthi.
_eEditer
_9129784
942 _2ddc
_cBK
_e1st
_k352.379 ANAC
999 _c199523
_d199523